| 000 | 00000nas 2200000za 4500 |
| 001 | 9.861817 |
| 003 | CaOODSP |
| 005 | 20250403110125 |
| 007 | cr ||||||||||| |
| 008 | 180912d19942000oncar p os f00| a0fre d |
| 040 | |aCaOODSP|bfre |
| 043 | |an-cn--- |
| 086 | 1 |aCS87-0009F-PDF|z87F0009XPF |
| 245 | 00|aCinémas et ciné-parcs |h[ressource électronique] / |cDivision de l'éducation, culture et tourisme. |
| 246 | 16|aCinémas et ciné-parcs, Canada |iTitre de depart |
| 260 | |a[Ottawa] : |b[Statistique Canada], |c[1994-2000] |
| 300 | |a7 v. |
| 310 | |aAnnuel |
| 362 | 0 |a[1993/94]-1999/2000. |
| 500 | |aTitre pris sur la couv. |
| 500 | |aTitre de départ., Tableau 8 (a): Cinémas et ciné-parcs, Canada |
| 500 | |a« Statistiques de la culture » |
| 500 | |aPublié aussi en anglais sous le titre : Movie theatres and drive-ins. |
| 500 | |aÉdition numérisée de l’imprimé [par Statistique Canada] |
| 520 | 0 |aL'Enquête sur les cinémas recense tous les cinémas et les cinéparcs du Canada. Données sur l'emploi et les finances auprès des propriétaires de cinémas et de cinéparcs au Canada. |
| 550 | |aPublié 1995/96-1998/99 par Culture, tourisme et centre de statistiques sur l'éducation, 1999/200 par Programme de la statistique de la culture, Culture, tourisme et centre de la statistique de l'éducation. |
| 580 | |aFait suite après scission à Film and video [CS87-204]. |
| 580 | |aSuivi de : Cinémas et ciné-parcs : tableaux de données (En ligne). |
| 692 | 07|2gccst|aCinéma |
| 710 | 2 |aStatistique Canada.|bDivision de l'éducation, de la culture et du tourisme. |
| 710 | 2 |aStatistique Canada.|bCulture, tourisme et Centre des statistiques sur l'éducation. |
| 710 | 2 |aProgramme de la statistique de la culture (Canada) |
| 710 | 2 |aStatistique Canada. |
| 775 | 08|tMovie theatres and drive-ins |w(CaOODSP)9.861811 |
| 780 | 00|tFilm and video |w(CaOODSP)9.859586 |
| 785 | 00|tCinémas et ciné-parcs, tableaux de données |w(CaOODSP)9.501416 |